00651 a2200193 4500003000500000005001700005040000900022082000800031100002300039245004300062260002900105300001100134505013800145538003100283650001200314942001200326999001900338952010000357Nust20170207153146.0 cNust a530 aKompaneyets, A. S. aTheoretical physicscA. S. Kompaneyets aMoscowbPeace Pub.c1961 a615 p. aPart.1- Mechanics(page-11) Part.2-Electrodynamics(page-95)Part.3- Quantum Mechanics(Page-238) Part.4- Statistical Physics(Page-430)  aAlmirah No. 15 Shelf No. 3 aPhysics 2ddccBK c180338d180338 00102ddc40708NFICaMCSbMCSd2016-12-12l0o530 KOMpMCS21267r2016-12-08w2016-12-12yBK